Science Quiz

Random Science or Math Quiz

Quick Math Challenge V Quiz Stats

 Plays Quiz Updated Apr 26, 2012

Challenge
Share
Tweet
Embed
Score 0/27 Timer 02:00
0 Plays Today
Steps % Correct
x 428
99.5%
Double it56
99.1%
77
98.9%
- 3818
98.1%
Triple it54
97.2%
÷ 96
97.1%
x by itself36
96.7%
+ 2864
96.2%
88
91.7%
x 648
91.4%
3/4 of this = Answer48
90.3%
Triple it144
88.4%
÷ 916
85.9%
x 7112
82.1%
Steps % Correct
Halve it56
81%
3/8 of this21
76.1%
+ 5778
75%
143143
73.7%
÷ 13 = Answer6
72%
7/11 of this91
60%
+ 78169
58%
13
55.6%
x 15195
49.2%
40% of this78
41.2%
Triple it234
37.6%
- 42192
34.6%
÷ 12 = Answer16
31.9%

You're not logged in!

Compare scores with friends on all Sporcle quizzes.
Join for Free
OR
Log In

You Might Also Like...

Show Comments

Extras

Top Quizzes Today


Score Distribution

Your Account Isn't Verified!

In order to create a playlist on Sporcle, you need to verify the email address you used during registration. Go to your Sporcle Settings to finish the process.

Report this User

Report this user for behavior that violates our Community Guidelines.

Details: